000 00344nam a2200157Ia 4500
003 OSt
005 20231230051749.0
008 170524s9999 xx 000 0 und d
020 _a8131701581
040 _cIIMT UNIVERSITY
100 _aVolkenburg MEV
245 0 _aNetworks Analysis
260 _bPearson
260 _c2007
942 _2ddc
_c02
999 _c4826
_d4826